=LDR 00000nam 2200000 4500 =001 INLIS000000000034356 =005 20130612140251 =008 ***********************************ind** =035 ##$$0010-061300000034356 =041 ##$$a ind =082 ##$$a 664. 726 =090 ##$$a 664. 726, Wid s =100 ##$$a Widro, Age =245 ##$$a Silembut yang bergizi, Age Widro =260 ##$$a 2007 $b Jakarta =300 ##$$a vii, 51 hlm, ilus, 21 cm =650 ##$$a Tahu =850 ##$$a NBPNMAT